000 01501cam a22002174a 4500
005 20250605164056.0
008 250528s ||||||||||||||||||||||||d
035 _a17480
020 _a72300353
040 _aGR-AtMCL
_bgre
_dGR-AtMCL
_eAACR2
245 1 _aFinancial Accounting
260 _bMcgraw Hill Irwin,
_c2001
300 _a878
520 _aFinancial Statements and Business Decisions, Investing and Financing Decisions and the Balance Sheet, Operating Decisions and the Income Statement, The Adjustment Process and Financial Statements, Communicating and Interpreting Accounting Information, Reporting and Interpreting Accounting Information, Reporting and Interpreting Sales Revenue and Receivables and Cash, Reporting and Interpreting Cost of Goods Sold and Inventory, Reporting and Interpreting Property and Plant and Equipment; Natural Resources; and Intangibles, Reporting and Interpreting Liabilities, Reporting and Interpreting Bonds, Reporting and Interpreting Owners' Equity, Reporting and Interpreting Investments in Other Corporations, Statement of Cash Flows, Analyzing Financial Statements, Present and Future Value Tables, Ammerican Eagle Outfitters Annual Report, Urban Outfitters Annual Report, Standard and Poor's Industry Ratio Report, The Formal Recordkeeping System, Glossary, Illustration Credits, Index.
700 1 _aLibby Patricia
_93616
700 1 _aLibby Robert
_93617
700 1 _aShort Daniel G
_93618
942 _cBK
999 _c2889
_d2889